000 01708cam a22004454i 4500
003 PE-LiUPU
005 20250731173150.0
008 150623s2000 mno rb 000 0 eng d
035 _a(Sirsi) a28176
040 _aPE-LiUPU
_bspa
_cPE-LiUPU
_erda
082 0 4 _a261.832
_bM57
_221
100 1 _aMiles, Al,
_eautor.
245 1 0 _aDomestic violence :
_bwhat every pastor needs to know /
_cAl Miles.
264 1 _aMinneapolis, MN :
_bFortress Press,
_c2000.
300 _a208 páginas ;
_c22 centímetros
336 _atext
_2rdacontent
337 _aunmediated
_2rdamedia
338 _avolume
_2rdacarrier
504 _aIncluye bibliografía.
505 0 _aEncouraging and excusing men/blaming women -- Violence against women: separating fact from myth -- Survivors speak out -- Once an abuser, always an abuser? -- The thorny question of forgiveness Minister to minister.
526 _aSEG42
526 _aSEG41
526 _aSEG40
526 _aSEG39
526 _aP94
526 _aP87
526 _aP86
526 _aP85
526 _aP77
526 _aP76
526 _aP35
650 0 4 _aViolencia familiar
_xAspectos religiosos.
650 0 4 _aViolencia contra la mujer.
650 0 4 _aTrabajo de iglesia con problemas familiares.
942 _2ddc
_cBOOK
949 _a261.832 M57
_wDEWEY
_c1
_i53423
_lCCODEBUL1
_mBUL
_p18.00
_r0
_sY
_tBOOK
_u2015-06-24
_xTEOLOGIA
_PP35
_0COMPRA
_o.STAFF. Colección Teología
596 _a1
999 _a261.832 M57
_wDEWEY
_c35395
_i53423
_d35395
_e2015-11-25
_f2021-11-10
_g5
_lCCODEBUL1
_mBUL
_n1
_p18.00
_q1
_r0
_sY
_tBOOK
_u2015-6-24
_xTEOLOGIA
_PP35
_0COMPRA
_o.STAFF. Colección Teología
980 _81
_gALBERTO SANCHEZ Responsable de Automatización